000
00429nam a2200145Ia 4500
008
090123s9999 xx 000 0 und d
082
_b
39154
245
_a
श्री दत्त उपासना
250
_a
1
260
_b
अनघा प्रकाशन
_c
2005
300
_a
120
630
_a
श्री दत्त उपासना
730
_a
श्री दत्त उपासना
942
_c
BOOK
999
_c
77219
_d
77219